Centenario de El Derby de Chile. 1885.1985
保存先:
| 第一著者: | |
|---|---|
| 団体著者: | |
| フォーマット: | 図書 |
| 言語: | スペイン語 |
| 出版事項: |
Viña del Mar
Meridiana Gráfica
1985
|
| 版: | 1a. ed |
| 主題: | |
| タグ: |
タグ追加
タグなし, このレコードへの初めてのタグを付けませんか!
|
MARC
| LEADER | 00000nam a2200000 a 4500 | ||
|---|---|---|---|
| 001 | UCJ7182 | ||
| 003 | CL-VaPUC | ||
| 005 | 20241211103007.0 | ||
| 008 | 070124e19850000CL |||||||||||||||||spa|d | ||
| 999 | |c 323280 |d 323278 | ||
| 040 | |c Pontificia Universidad Católica de Valparaíso | ||
| 082 | 0 | 4 | |a 983 |b PEC |2 21 |
| 100 | |a Lukas, |d 1934-1988, |q Pecchenino Raggi, Renzo |e autor |9 861249 | ||
| 110 | 2 | |a Valparaíso Sporting Club |e author |9 515290 | |
| 245 | 1 | 0 | |a Centenario de El Derby de Chile. 1885.1985 |
| 250 | |a 1a. ed | ||
| 260 | |a Viña del Mar |b Meridiana Gráfica |c 1985 | ||
| 300 | |a 28 p | ||
| 500 | |a Ilustraciones sin indizar. Casaquilla de cada uno de los ganadores del Derby hasta 1984 | ||
| 583 | |a last modification |c 20070124 00:00:00 |k Rodrigo Vera | ||
| 650 | 7 | |a HIPICA |2 CL-VaPUC |9 515291 | |
| 650 | 7 | |a ESTADISTICAS HIPICAS |2 CL-VaPUC |9 515292 | |
| 650 | 0 | |a Historia local |9 266584 | |
| 650 | 7 | |a USOS |2 CL-VaPUC |9 515293 | |
| 650 | 7 | |a COSTUMBRES |2 CL-VaPUC |9 337506 | |
| 650 | 7 | |a TRADICIONES |2 CL-VaPUC |9 367367 | |
| 650 | 0 | |a Ilustraciones |9 369481 | |
| 651 | 0 | |a Viña del Mar |9 327030 | |
| 942 | |c BK |2 ddc | ||
| 945 | |d 20070124 00:00:00 |a rinostro | ||
| 952 | |0 0 |1 0 |4 0 |6 983_000000000000000_PEC_1985 |7 0 |8 X |9 402775 |a FDOBUD |b FDOBUD |d 2019-11-22 |i 1059580 |o 983 PEC 1985 |p 1059580 |r 2019-11-22 |w 2019-11-22 |y BK_X |k BUD | ||